Identificación de sistemas dinámicos /
Guardado en:
| Autor Principal: | |
|---|---|
| Autor Corporativo: | |
| Formato: | Libro |
| Idioma: | Spanish |
| Publicado: |
Santa Fe, Argentina :
PEMA-GTM,
1988.
|
| Series: | Cuadernos de matemática y mecánica. Serie Cursos y seminarios ;
no. 3 |
| Etiquetas: |
Agregar Etiqueta
Sin Etiquetas, Sea el primero en etiquetar este registro!
|
| LEADER | 01497nam a22001935a 4500 | ||
|---|---|---|---|
| 001 | MAT.inmabb003128 | ||
| 008 | 051027s1988####ag#a#####b####000#0#spa#d | ||
| 005 | 20180705111452.0 | ||
| 245 | 1 | 0 | |a Identificación de sistemas dinámicos / |c Carlos Enrique D'Attellis. |
| 260 | |a Santa Fe, Argentina : |b PEMA-GTM, |c 1988. | ||
| 300 | |a 94 p. : |b il. ; |c 22 cm. | ||
| 440 | 0 | |a Cuadernos de matemática y mecánica. |p Serie Cursos y seminarios ; |v no. 3 | |
| 500 | |a "Curso dictado en el Segundo Seminario Latinoamericano de Matemática Aplicada, 1983". | ||
| 504 | |a Incluye referencias bibliográficas (p. 93-94). | ||
| 505 | 0 | |a 1. Introducción -- 2. Sistemas lineales e invariantes -- 3. Estimación de parámetros en modelos discretos -- 4. Identificación en línea de parámetros de modelos discretos -- 5. Relación entre las funciones de transferencia continua y discreta -- 6. Acerca de la utilización de modelos identificados a lazo abierto -- 7. Identificación de la respuesta impulsiva de sistemas realimentados -- 8. Identificación de la respuesta impulsiva con condiciones iniciales arbitrarias -- 9. Sistemas estocásticos y filtros de Kalman -- 10. Estimación de parámetros en modelos discretos no estacionarios -- 11. Identificación de algunos sistemas no-lineales. | |
| 100 | 1 | |a D'Attellis, Carlos Enrique. | |
| 711 | 2 | |a Seminario Latinoamericano de Matemática Aplicada |n (2º : |d 1983 : |c Santa Fe y Rosario, Argentina) | |
| 084 | |a 93B30 (93E12) |2 msc2000 | ||
| 859 | |h 93 |i D234s |p A-9205 |b BIB. MATEMATICA | ||
